01953nam a22003497a 4500003000400000005001700004008004100021040002200062082001500084110003300099245001400132260006200146300001800208366000800226490002300234505043800257505017900695505012400874505001500998650004601013650004401059650005201103650004801155650004701203650004701250650004601297650004901343651004501392942002601437999001501463952012501478OSt20230525103020.0221006b |||||||| |||| 00| 0 eng d cBiblioteca Lado V a700bG599h 9831aGoethe-InstituteEditor aHumboldt/ bSDV Saarbrucker Druckerei und Verlag GmbHc2002aAlemania c21x28cma80p. espa a136v44x0018-7615 aIniciando caminos por la vidagNunca antes hubo tanta juventud El regreso de la inmortalidad El bebe perfecto Primero andar, después montar en bicicleta Hijas y ahijadas de Garcia Marquez El hijo desaparecido Estos niños buscan a sus padres Un mundo para Julius Una infancia en Argentina Recuerdos de los años adolescentes en Brasil El kitsch cuasi-religioso de los pokemons Los hombre jóvenes quieren ser héroes aNotasgTeatro total Escriba que esto es muy bonito Culture first Por el oido entramos La colifata Juicio final brasileño en una prision alemana Imagenes engañosas?  aMiscelaneagpaginas inéditas de Jorge Luis Mostrar las ventajas Rostros El cuerpo como metáfora de la sociedad  aNoticiario 2Tesauro de Arte & ArquitecturaaARTE9703 2Tesauro de Arte & ArquitecturaaPINTURA 2Tesauro de Arte & ArquitecturaaFOTOGRAFIA9702 2Tesauro de Arte & ArquitecturaaENTREVISTAS 2Tesauro de Arte & ArquitecturaaMISCELANEA 2Tesauro de Arte & ArquitecturaaREPORTAJES 2Tesauro de Arte & ArquitecturaaESPAÑOL 2Tesauro de Arte & ArquitecturaaARTE EUROPEO 2Tesauro de Arte & ArquitecturaaALEMANIA 2ddcc1h700iG599hn0 c3732d3732 00102ddc34440708RevistasaLVbLVd2023-05-25h136i003409l0o700 G599hp003409r2023-05-25 00:00:00w2023-05-25y1